Normal view
MARC view
- Delaney,Patrick R/ James R .Adler/Barry J.Epstein/ Michael F .Foran
Entry Personal Name
001 - CONTROL NUMBER
- control field: 3143
003 - CONTROL NUMBER IDENTIFIER
- control field: JO-AjAnu
005 - DATE AND TIME OF LATEST TRANSACTION
- control field: 20230606070822.0
008 - FIXED-LENGTH DATA ELEMENTS
- fixed length control field: 230606|| aca||aabn | a|a d
040 ## - CATALOGING SOURCE
- Original cataloging agency: JO-AjAnu
- Transcribing agency: JO-AjAnu
100 ## - HEADING--PERSONAL NAME
- Personal name: Delaney,Patrick R/ James R .Adler/Barry J.Epstein/ Michael F .Foran
670 ## - SOURCE DATA FOUND
- Source citation: Work cat.: (JO-AjAnu)1647: Delaney,Patrick R/ James R .Adler/Barry J.Epstein/ Michael F .Foran, author, GAAP Interpretation and application of generally accepted accounting principles